1622 1531 1690 1540 1909 1481 1517 1688 1071 1468 1982 1313 1705 1323 1689 1483 1324 1166 1029 1745 1084 1195 1878 1302 1621 1609 1620 1674 1358 1214 1340 1357 1712 1678 1230 1679 1647 1917 1758 1475 1990 1982 1006 1935 1653 1411 1847 1656 1293 1299 1755 1839 1852 1928 1974 1990 1486 1573 1627 1857 1657 1271 1037 1062 1261 1855 1340 1418 1448 1802 1748 1385 1762 1727 1466 1668 1852 1628 1867 1220 1052 1143 1768 1584 1907 1639 1176 1889 1983 1327 1198 1573 1935 1940 1891 1929 1234 1335 1634 BCNSPRNW ULIB Ver.6.0+V

เปลี่ยนเป็นภาษาไทย

Change to English
 แสดงรายละเอียดบรรณานุกรม
  กลับหน้าหลัก

Brief Record : Get Marc (ISO 2709) : E-mail record : QR code < ปิดหน้าต่าง
LEADER : 00000nam 2200000uu 4500
001    13399122566
003     ULIB
008    130731s2555||||th 000 0 tha d
020    ^a978-974-9958-54-4
050  4 อND2835^bค177ส
110 1  ^aคณะอนุกรรมการจัดทำหนังสือสมุดภาพศิลแกรรมรามเกียรติ์
245 10 ^aสมุดภาพศิลปกรรมรามเกียรติ์ ฉบับเยาวชน /^cคณะอนุกรรมการจัดทำหนังสือสมุดภาพศิลแกรรมรามเกียรติ์
260    ^aกรุงเทพฯ :^bสำนักพระราชวัง,^c
300    ^a 1 เล่ม :^bภาพประกอบ,^ecd 1 แผ่น,2555
650  7 ^aศิลปกรรมไทย
650  7 ^aรามเกียรติ์--ภาพ
650  7 ^aลายไทย
650  7 ^aภาพวาดเส้น
945    ^p0^l0^i033733
999    ^aเกษร โพธิ์สุวรรณ
รายการนี้ยังไม่มีแท็ก
คุณยังไม่ได้ล็อกอิน คุณสามารถมีกิจกรรมร่วมกับเว็บไซต์ได้ แต่ต้องล็อกอินก่อน ::
  ล็อกอิน

รายการสื่อสารสนเทศ

ลำดับที่ ประเภท เลขเรียก/บาร์โค้ด สถานที่ สถานะ
1. การศึกษาทั่วไป
การศึกษาทั่วไป
อND2835 ค177ส  
  Barcode: 033733
ห้องสมุดวิทยาเขตสวรรค์ประชารักษ์
►หนังสือทั่วไป
บนชั้น

รายการใกล้เคียง
    หัวเรื่อง [ศิลปกรรมไทย]

BibComment


ยังไม่เคยถูกคอมเมนท์

คอมเมนท์ทรัพยากรรายการนี้
  คอมเมนท์: สมุดภาพศิลปกรรมร..


 Copyright 2026. Bcnsprnw @Library